000 00703nam a2200181Ia 4500
008 090630s9999 xx 000 0 und d
082 _b18838
100 _aसाठवणे पां. आ.
245 _aजीवनात यशस्वी कसे व्हावे.
_cसाठवणे पां. आ.
260 _bसाठवणे - नागपूर.
_c1995
300 _a48
600 _aसाठवणे पां. आ.
630 _aजीवनात यशस्वी कसे व्हावे.
655 _aइतर.
700 _aसाठवणे पां. आ.
730 _aजीवनात यशस्वी कसे व्हावे.
942 _cBOOK
999 _c270694
_d270694